Sensors and Control Systems in Manufacturing

Gespeichert in:
Bibliographische Detailangaben
1. Verfasser: Soloman, Sabrie (Verfasst von)
Format: Buch
Sprache:Englisch
Veröffentlicht: New York : McGraw-Hill, 2010
Ausgabe:2. vyd.
Schlagworte:
Tags: Tag hinzufügen
Keine Tags, Fügen Sie das erste Tag hinzu!

MARC

LEADER 00000nam a22000003a 4500
001 stu258893
005 20150617230210.8
008 121206s--------xxu-----------------eng-d
020 |a 978-0-07-160572-4 
040 |a STU  |b slo 
041 0 |a eng 
044 |a xxu 
080 |a 681.01 
100 1 |a Soloman, Sabrie  |4 aut 
245 1 |a Sensors and Control Systems in Manufacturing 
250 |a 2. vyd. 
260 |a New York :  |b McGraw-Hill,  |c 2010 
300 |a 586 s 
650 7 |a senzory  |2 stusub 
650 7 |a kontrolné systémy  |2 stusub 
996 |b 284EK89165  |c E*89165  |l EE23  |s P  |a 0  |w stu258893_0001